000 00405 a2200121 4500
001 ART_3233
005 20260410161713.0
008 260409a
245 1 0 _aAnálisis de la evolución de precios de empresas públicas en la Argentina
100 1 _aPorto, Alberto
700 1 _aNúñez Miñana, Horacio
773 0 _tDesarrollo económico
_g- Vol. 16, Nº 63 (oct./dic. 1976)
_wREV1174
999 _c16243
_d16243